De sinesium ritibus politicis acta seu R. P. Francisci Xaverii Philipucci missionarii sinensis é Societate Jesu, praeludium ad plenam diquisitionem an boná vel malá fide impugnentur opiniones et praxes missionariorum Societatis Jesu in regno sinuarum ad cultum confacii et defictorum penitentes

Detalles Bibliográficos
Formato: Libro
Lenguaje:Undetermined
Latin
Publicado: Parisiis : apud Nicoalum Pepie, 1700.
Materias:
Colección:Banco de datos
Acervo:Biblioteca Palafoxiana. Colección bibliográfica
Descripción Física:[6] , 155 p. ; 4°
Tema general:Religiosos
Notas:Número de localización: 35566-A
LEADER 00773nam a2200169Ia 4500
008 150723s9999 xx 000 0 und d
041 0 |a lat 
050 0 |a PAFX BV4405 S5 
245 1 0 |a De sinesium ritibus politicis acta seu R. P. Francisci Xaverii Philipucci missionarii sinensis é Societate Jesu, praeludium ad plenam diquisitionem an boná vel malá fide impugnentur opiniones et praxes missionariorum Societatis Jesu in regno sinuarum ad cultum confacii et defictorum penitentes 
260 |a Parisiis : apud Nicoalum Pepie, 1700. 
300 |a [6] , 155 p. ; 4° 
500 |a Número de localización: 35566-A 
501 |a Encuadernado con 1 obra 
650 1 0 |a Religiosos 
942 |c PALALIB 
943 |g Biblioteca Palafoxiana. Colección bibliográfica 
999 |c 1066441  |d 1066441